The Duck Song Lyrics - Statistics

General Stats
  • This quiz has been taken 31 times
  • The average score is 132 of 441
Answer Stats
Hint Answer % Correct
duck
100%
walked
100%
A
96%
a
96%
And
96%
lemonade
96%
stand
96%
to
96%
up
96%
he
93%
said
93%
man
89%
runnin'
89%
stand,
89%
the
89%
the
89%
to
89%
"Hey!
86%
any
57%
Got
57%
grapes?"
57%
man
54%
"No,
54%
said:
54%
The
54%
we
54%
lemonade,
50%
sell
50%
just
43%
all
39%
and
39%
and
39%
away -
39%
cold
39%
day...
39%
fresh
39%
he
39%
(2 Words) home-made!
39%
it's
39%
it's
39%
next
39%
the
39%
Then
39%
'Til
39%
very
39%
waddle
39%
waddle
39%
waddled
39%
you
39%
a
36%
and
36%
any
36%
But
36%
Can
36%
duck
36%
duck
36%
get
36%
glass?"
36%
got
36%
grapes?"
36%
he
36%
"Hey!
36%
I
36%
"I'll
36%
it's
36%
lemonade
36%
man
36%
man
36%
pass."
36%
runnin'
36%
said,
36%
said
36%
said:
36%
stand
36%
stand,
36%
The
36%
the
36%
the
36%
the
36%
the
36%
The
36%
to
36%
to
36%
up
36%
walked
36%
any
29%
away -
29%
away-
29%
away -
29%
[(bam bam bam)]
29%
day.
29%
Do
29%
Do
29%
Do
29%
Has
29%
he
29%
he
29%
he
29%
I
29%
lemonade?"
29%
like
29%
"No,
29%
said
29%
store.
29%
store.
29%
store,
29%
Then
29%
Then
29%
Then
29%
think
29%
think
29%
think
29%
this
29%
this
29%
this
29%
waddle
29%
waddle
29%
waddle
29%
waddle
29%
waddle
29%
waddle
29%
waddled
29%
waddled
29%
waddled
29%
we
29%
When
29%
yesterday
29%
you
29%
you
29%
you
29%
a
25%
a
25%
a
25%
a
25%
all
25%
And
25%
And
25%
and
25%
And
25%
And
25%
and
25%
any
25%
any
25%
any
25%
any
25%
any
25%
anymore"
25%
ask
25%
away -
25%
away -
25%
away -
25%
away-
25%
away -
25%
away -
25%
away -
25%
away -
25%
away -
25%
bought
25%
but
25%
buy
25%
day...
25%
day...
25%
day
25%
day...
25%
duck
25%
duck
25%
duck
25%
duck
25%
duck
25%
duck
25%
duck
25%
duck
25%
duck
25%
for
25%
for
25%
gave
25%
get
25%
give
25%
glue
25%
glue?"
25%
glue?"
25%
good?
25%
"goodbye"
25%
Got
25%
Got
25%
Got
25%
"Got
25%
Got
25%
grapes?"
25%
grapes?"
25%
grapes?"
25%
grapes
25%
grapes
25%
have
25%
he
25%
he
25%
he
25%
he
25%
he
25%
he
25%
he
25%
he
25%
he
25%
he
25%
he
25%
he
25%
he
25%
He
25%
He
25%
He
25%
"Hey!
25%
"Hey!
25%
"Hey!
25%
I'll
25%
I'll
25%
I - oh..."
25%
it
25%
just
25%
just
25%
know
25%
laugh,
25%
laughed
25%
leave
25%
lemonade
25%
lemonade
25%
lemonade
25%
lemonade, okay?
25%
Let's
25%
make
25%
man
25%
man
25%
man
25%
man
25%
man
25%
man
25%
man
25%
more
25%
my
25%
next
25%
next
25%
next
25%
"No,
25%
no
25%
one
25%
one
25%
question
25%
runnin'
25%
runnin'
25%
runnin'
25%
said:
25%
said
25%
said:
25%
said
25%
said:
25%
said,
25%
said
25%
said: "Hmm,
25%
sell
25%
smile,
25%
So
25%
So
25%
some
25%
some
25%
sounds
25%
stand
25%
stand,
25%
stand
25%
stand,
25%
stand
25%
stand,
25%
started
25%
started
25%
store
25%
store
25%
thanks
25%
The
25%
the
25%
the
25%
the
25%
the
25%
the
25%
The
25%
the
25%
the
25%
the
25%
the
25%
the
25%
The
25%
The
25%
the
25%
the
25%
the
25%
the
25%
the
25%
the
25%
the
25%
the
25%
the
25%
the
25%
Then
25%
Then
25%
Then
25%
Then
25%
Then
25%
Then
25%
Then
25%
Then
25%
Then
25%
Then
25%
there
25%
they
25%
'Til
25%
'Til
25%
'Til
25%
to
25%
to
25%
to
25%
to
25%
to
25%
to
25%
to
25%
to
25%
to
25%
to
25%
to
25%
to
25%
to
25%
tree
25%
try?"
25%
up
25%
up
25%
up
25%
very
25%
very
25%
very
25%
waddle
25%
waddle
25%
waddle
25%
waddle
25%
waddle
25%
waddle
25%
waddle
25%
waddle
25%
waddle
25%
waddle
25%
waddle
25%
waddle
25%
waddle
25%
waddle
25%
waddle
25%
waddle
25%
waddle
25%
waddle
25%
waddle
25%
waddle
25%
waddled
25%
waddled
25%
waddled
25%
waddled
25%
waddled
25%
waddled
25%
waddled
25%
waddled
25%
walk
25%
walked
25%
walked
25%
walked
25%
walked
25%
"What?"
25%
what
25%
When
25%
When
25%
When
25%
while.
25%
why
25%
wont
25%
would
25%
would
25%
you
25%
you
25%
you:
25%
you
25%
you
25%
you
25%
about -
21%
"Adios"
21%
all
21%
away,
21%
close!"
21%
"Come
21%
don't
21%
don't
21%
duck
21%
ever
21%
gettin'
21%
give
21%
go?"
21%
He
21%
"How
21%
I
21%
If
21%
is
21%
it
21%
it!
21%
It
21%
lemonade's
21%
"Look
21%
mean,
21%
no."
21%
not
21%
not
21%
old.
21%
on,
21%
said:
21%
said:
21%
So
21%
sold.
21%
stay
21%
stopped,
21%
stuck!
21%
"That's
21%
The
21%
the
21%
"Then
21%
this
21%
too
21%
waddle
21%
waddle
21%
we've
21%
Why
21%
Why
21%
you
21%
And
18%
(bam bam bam)
18%
(bam bam bam)
18%
[(bam bam bam)]
18%
[(bam bam bam)]
18%
"Bom bom bom bom bom babom"
18%
"Bom bom bom bom bom babom"
18%
"Bom bom bom bom bom babom"
18%
"Bom bom bom bom bom babom"
18%
No matching quizzes found
Score Distribution
Percent of People with Each Score
Percentile by Number Answered
Your Score History
You have not taken this quiz